Highest International Goalscorers for France - Statistics

General Stats
  • This quiz has been taken 183 times
  • The average score is 13 of 27
Answer Stats
Rank Goals Caps Goals/Game Years Answer % Correct
1 51 123 0.415 1997-2010 Thierry Henry
97%
2 42 102 0.412 2011- Olivier Giroud
96%
5 33 83 0.398 2014- Antoine Griezmann
93%
6 31 106 0.292 1994-2006 Zinedine Zidane
91%
19 16 38 0.421 2017- Kylian Mbappé
88%
3 41 72 0.569 1976-1987 Michel Platini
86%
4 34 71 0.479 1998-2008 David Trezeguet
83%
10 27 81 0.333 2007-2015 Karim Benzema
81%
20 16 81 0.198 2006-2014 Franck Ribéry
64%
7 30 21 1.429 1953-1960 Just Fontaine
61%
8 30 54 0.556 1986-1995 Jean-Pierre Papin
58%
27 14 79 0.177 1996-2004 Robert Pires
52%
26 14 69 0.203 1998-2010 Nicolas Anelka
50%
15 20 45 0.444 1987-1995 Eric Cantona
48%
11 26 92 0.283 1999-2006 Sylvain Wiltord
43%
21 16 97 0.165 1989-2000 Laurent Blanc
41%
18 18 45 0.4 1952-1962 Raymond Kopa
38%
9 28 82 0.341 1993-2002 Youri Djorkaeff
38%
24 15 49 0.306 1975-1986 Dominique Rocheteau
17%
12 22 46 0.478 1953-1961 Jean Vincent
6%
17 18 37 0.486 1952-1961 Roger Piantoni
6%
23 15 30 0.5 1966-1975 Hervé Revelli
5%
13 21 25 0.84 1933-1938 Jean Nicolas
5%
14 20 35 0.571 1920-1931 Paul Nicolas
5%
22 15 11 1.364 1911-1913 Eugène Maës
3%
25 14 24 0.583 1929-1940 Émile Veinante
2%
16 19 32 0.594 1944-1952 Jean Baratte
2%
No matching quizzes found
Score Distribution
Percent of People with Each Score
Percentile by Number Answered
Your Score History
You have not taken this quiz